000
00257nam a22000977a 4500
999
_c
11138
_d
11138
008
180922b ||||| |||| 00| 0 eng d
020
_a
9788123711430
100
_a
JAIN, H C
_9
6902
245
_a
RADIATION AND MAN
260
_a
NEW DELHI
_b
NATIONAL BOOK TRUST
_c
2015